Statistiken für Filme erraten mit Bildern - Buchstabe E

Klicken Sie hier um das Quiz zu spielen!

Allgemein

  • Dieses Quiz wurde 203 mal gespielt
  • Das Durchschnittsergebnis liegt bei 5 aus 16

Antwortstatistiken

Antwort% Korrekt
Die Eiskönigin
96%
Der Exorzist
55%
Eternals
43%
Evan Allmächtig
42%
Ey Mann - wo is' mein Auto
36%
Elektra
31%
Eiskalte Engel
26%
Die eiserne Lady
24%
Evita
23%
Erin Brockovich
22%
Eins und Eins macht Vier
14%
Epic - Verborgenes Königreich
13%
Der Elefantenmensch
12%
Elvira
11%
Der einzige Zeuge
7%
Es war einmal in Amerika
7%

Verteilung der Resultate

Perzentil nach korrekt beantworteten Fragen

Anzahl Personen mit jedem Resultat

Ihre Resultats-Entwicklung

Sie haben dieses Quiz noch nicht gespielt